| 000 | 00000cas 2200000za 4500 |
| 001 | 9.846315 |
| 003 | CaOODSP |
| 005 | 20260220144112 |
| 007 | cr cn||||||||| |
| 008 | 171030c20149999oncar p o s f0 a0eng|d |
| 022 | |a2563-5859 |
| 040 | |aCaOODSP|beng |
| 043 | |an-cn--- |
| 086 | 1 |aM2-17E-PDF|zM4-113/2014E-PDF|zM4-113/2014-1E-PDF|zM4-113/2016E-PDF|zm4-113/2017E-PDF |
| 222 | 0|a10 key facts on Canada's natural resources |
| 245 | 00|a10 key facts on Canada's natural resources |h[electronic resource]. |
| 246 | 3 |aTen key facts on Canada's natural resources |
| 260 | |a[Ottawa] : |bNatural Resources Canada, |c2014- |
| 310 | |aAnnual |
| 362 | 1 |aBegan with 2014? |
| 500 | |aIssued also in French under title: 10 faits sur les ressources naturelles au Canada. |
| 520 | 2 |a"Canada is blessed with a vast wealth of natural resources, which contributes significantly to our national economy. Resource industries play a critical role in delivering jobs, growth and prosperity for Canadians. Below you will find key information demonstrating the importance of the natural resources sectors to the Canadian economy"--Provided by publisher. |
| 692 | 07|2gccst|aNatural resources |
| 692 | 07|2gccst|aResource development |
| 710 | 1 |aCanada. |bNatural Resources Canada. |
| 775 | 08|t10 faits sur les ressources naturelles au Canada |w(CaOODSP)9.846319 |